000 00291nam a2200121 a 4500
008 101025s1962|||| d
245 1 0 _aZápisky Kremeľského veliteľa
100 1 _aMaľkov, Pavel
260 _bVPL
_aBratislava
_c1962
041 _aslo
020 _c13,50
044 _axo
_cSK
999 _c12183
_d12183